Responses for Show #1940 - Friday, January 29, 1993

Diane Siegel game 5.

Contestants

[<< previous game]

Lewis Zimet, a physician from Coconut Creek, Florida

Tilney Wickersham, a teacher from Washington D.C.

Diane Siegel, a homemaker from Northridge, California (whose 4-day cash winnings total $55,179)

[next game >>]

Jeopardy! Round responses

PIONEER LIFE
SPORTS
THEATRES
SON OF...
MICE
RHYMES WITH EEK
    $100 9
husking bees

Tilney
    $100 2
Japan

Diane
    $100 26
Grauman's Chinese

Tilney
    $100 4
Ben

Tilney
    $100 20
(Jerry: Who is Sylvester?)

Jerry

Diane
Triple Stumper
    $100 1
sneak

Lewis
    $200 10
charcoal

Triple Stumper
    $200 8
wrestling

Diane
    $200 27
Radio City

Lewis
    $200 5
Mac

Tilney
    $200 21
(Beatrix) Potter

Lewis
    $200 3
a leek

Tilney
    $300 11
malaria

Lewis
    $300 12
a wedge

Lewis
    $300 28
the Apollo

Diane
    $300 6
Ski

Tilney
    $300 23
(Lewis: What are arrows?)

Bricks

Lewis
Triple Stumper
    $300 17
a beak

Diane
    $400 14
soap

Tilney
    $400 13
Oslo

Diane
    $400 29
Dillinger

Diane
    $400 7
Fitz

Lewis
    $400 24
Miss Bianca

Triple Stumper
    $400 18
meek

Tilney
    $500 15
circuit rider

Triple Stumper
    $500 22
Sandy Koufax

Diane
    $500 30
(Diane: What is the Grand Old Opry?)
...
(Alex: Grand Old Opry performed at the [*]. That's the name of the theatre.)

Ryman Auditorium

Diane
Triple Stumper
    $900 16
(Tilney: What is Al?)

Ibn

Tilney
    $500 25
Stuart Little

Diane
    $500 19
bleak

Diane

Scores at the first commercial break (after clue 15):

Diane Tilney Lewis
$700 $1,300 $1,100

Scores at the end of the Jeopardy! Round:

Diane Tilney Lewis
$2,600 $900 $1,200

Double Jeopardy! Round responses

RECENT HISTORY
DANCE AROUND THE WORLD
BIOLOGY
BRIDGES
KIDNAPPED
AMERICAN NOVELISTS
    $200 1
Chernobyl

Diane
    $200 2
Castanets

Tilney
    $200 11
a gene

Lewis
    $200 8
Queen Elizabeth II

Tilney
    $200 23
Sinatra

Lewis
    $200 17
Mark Twain

Tilney
    $400 3
Libya

Lewis
    $400 6
(Lewis: What is the cha-cha?)

the conga

DianeLewis
    $400 12
cells

Tilney
    $400 9
The Mississippi

Lewis
    $400 26
Patricia Hearst

Diane
    $400 18
Stephen King

Tilney
    $600 4
John Major

Tilney
    $600 7
Hispaniola

Tilney
    $600 20
(Lewis: What are muscles?)

nerves

TilneyLewis
    $600 14
the Hudson

Tilney
    $600 30
Chiang Kai-shek

Diane
    $600 19
Pearl Buck

Lewis
    $800 5
Meir Kahane

Diane
    $800 10
Hungary

Triple Stumper
    $1,500 24
(Alex: The physician comes through on the medical clue.)

the kidneys

Lewis
    $800 15
suspension

Diane
    $800 29
the CIA

Diane
    $800 21
(Diane: Who is Robert Louis Stevenson?)

F. Scott Fitzgerald

DianeTilney
    $1000 13
(Diane: What is Marisol?)

Mariel

Diane
Triple Stumper
    $1000 27
(Tilney: What's Java?)

Bali

DianeTilney
    $1000 25
(Alex: With less than a minute to go.)

van Leeuwenhoek

Lewis
    $1000 16
Pont Notre Dame or Pont Neuf

Triple Stumper
    $1000 28
(Alex: He captured the pirates and crucified them.)

Julius Caesar

Triple Stumper
    $1,500 22
(Tilney: Who is Herman Melville?)
(Alex: No, and it's odd that we thought you might say that. Melville was working in New York. [*].)

Nathaniel Hawthorne

Tilney

Scores at the end of the Double Jeopardy! Round:

Diane Tilney Lewis
$5,800 $3,000 $4,500

[wagering suggestions for these scores]

Final Jeopardy! Round responses

BRITISH MONARCHS
(Alex: I wonder how much more difficult this Final Jeopardy! would have been if we had asked for 2, because that 1 is so obvious I suspect all 3 of you came up with the same monarch.)
...
(Alex: But of course, Queen Victoria, the longest-reigning monarch of all.)
TilneyWho was Victoria?
$3,000
LewisWho was Queen Victoria?
$1,301
DianeWho is Queen Victoria?
$4,500
(1 of) Victoria, Henry III, Edward III, & George III

Final scores:

Diane Tilney Lewis
$10,300 $6,000 $5,801
5-day champion: $65,479 2nd place: trip for 2 to San Juan, Puerto Rico, and St. Kitts 3rd place: Bolero watches from Daniel Mink

Game dynamics:

Coryat scores:

Diane Tilney Lewis
$5,800 $5,400 $3,800
17 R,
4 W
18 R,
3 W
(including 2 DDs)
13 R
(including 1 DD),
3 W

Combined Coryat: $15,000

[game clues] [game scores] [suggest correction]

Game tape date: 1992-10-26
The J! Archive is created by fans, for fans. Scraping, republication, monetization, and malicious use prohibited; this site may use cookies and collect identifying information. See terms. The Jeopardy! game show and all elements thereof, including but not limited to copyright and trademark thereto, are the property of Jeopardy Productions, Inc. and are protected under law. This website is not affiliated with, sponsored by, or operated by Jeopardy Productions, Inc. Join the discussion at JBoard.tv.